Localiza calles: Erripagaña - Estadísticas

Estadísticas generales
  • Esta prueba ha sido intentada 33 veces
  • La puntuación promedio es 11 de 21
Respuestas en el mapa
Las respuestas están codificadas por una escala verde-roja en el mapa de la prueba según el % correcto abajo.
 
Estadísticas de respuestas
Respuesta % Correcto
Avenida Erripagaña
90%
Berlín
81%
La Valeta
81%
Carretera Sarriguren
76%
Madrid
71%
Dublín
62%
Roma
62%
Londres
57%
Atenas
48%
Ángel Apostigo Mejías
43%
Errekaldea
43%
José Luis Prieto Gracia
43%
Pau
43%
Ronda Bratislava
43%
Amsterdam
38%
Bruselas
38%
Diego Salvá Lezaun
38%
Lisboa
38%
París
38%
Praga
38%
Copenhague
33%
No se encontraron pruebas coincidentes
Distribución de puntuación
Porcentaje de gente con cada puntuación
Porcentaje por número respondido
Historial de tus puntuaciones
No has intentado esta prueba.